La famiglia incontra la scuola (Record n. 217877)

Dettagli MARC
000 -LEADER
fixed length control field 01003nam a2200217Ia 4500
001 - CONTROL NUMBER
control field a1363-32971
003 - CONTROL NUMBER IDENTIFIER
control field IT-MiCISF
008 - FIXED-LENGTH DATA ELEMENTS--GENERAL INFORMATION
fixed length control field 161014s9999||||xx |||||||||||||| ||und||
040 ## - CATALOGING SOURCE
Original cataloging agency IT-MiCISF
Transcribing agency IT-MiCISF
041 ## - LANGUAGE CODE
Language code of text/sound track or separate title it
999 ## - SYSTEM CONTROL NUMBERS (KOHA)
Koha Dewey Subclass [OBSOLETE] si
100 ## - MAIN ENTRY--PERSONAL NAME
Personal name Levorato Roberto
245 #0 - TITLE STATEMENT
Title La famiglia incontra la scuola
250 ## - EDITION STATEMENT
Edition statement 1a ed.
260 ## - PUBLICATION, DISTRIBUTION, ETC. (IMPRINT)
Place of publication, distribution, etc. Cinisello Balsamo (MI)
Name of publisher, distributor, etc. San Paolo
Date of publication, distribution, etc. 2001
300 ## - PHYSICAL DESCRIPTION
Extent pp. 63
500 ## - GENERAL NOTE
General note / famiglia, scuola, educazione, problemi-educazione / Una piccola guida che attraverso i consigli e le riflessioni scritte da due genitori - che hanno già vissuto e affrontato concretamente le varie problematiche che possono verificarsi quando i propri figli affrontano la realtà scolastica - si propone di orientare le famiglie in un compito educativo complesso, che può arricchire ma anche destabilizzare il rapporto genitori/figli.
650 ## - SUBJECT ADDED ENTRY--TOPICAL TERM
Topical term or geographic name as entry element Genitorialità e problemi educativi / scuola
Relator term 004
700 ## - ADDED ENTRY--PERSONAL NAME
Personal name Levorato Arianna
942 ## - ADDED ENTRY ELEMENTS (KOHA)
Koha item type LIBRO
957 ## -
-- 1
999 ## - SYSTEM CONTROL NUMBERS (KOHA)
-- 1
Dati di copia
Withdrawn status Lost status Damaged status Not for loan Home library Current library Date acquired Total Checkouts Full call number Date last seen Price effective from Koha item type Public note
    Buone Condizioni Not For Loan CISF - Milano CISF - Milano 14/10/2016   a1363-32971 14/10/2016 14/10/2016 LIBRO Data import 15.10.2016 / by Epidotti, Vaglietti
CREDITS: SOCIETA' SAN PAOLO Via A.Severo, 58 - ROMA (RM) & PERIODICI SAN PAOLO SRL Via Giotto, 36 MILANO & CISF Via Giotto, 36 MILANO & EDIZIONI SAN PAOLO SRL,  Piazza Soncino, 5 CINISELLO BALSAMO (MI) -- ITALY